[Event "Cologne Longerich op 3rd"]
[Site "Cologne"]
[Date "2004.07.31"]
[Round "5"]
[White "Stolzenberg, Peter"]
[Black "Gilges, Hans"]
[Result "1-0"]
[WhiteElo "1479"]
[BlackElo "1524"]
[PlyCount "49"]
[EventDate "2004.06.26"]
[EventType "swiss"]
[EventRounds "7"]
[EventCountry "GER"]
[SourceTitle "EXT 2006"]
[Source "ChessBase"]
[SourceDate "2005.11.24"]
[SourceVersion "1"]
[SourceVersionDate "2005.11.24"]
[SourceQuality "1"]

1. d4 d5 2. Bf4 e6 3. Nf3 Nf6 4. e3 Be7 5. c3 0-0 6. Nbd2 h6 7. Bd3 c5 8. 0-0 c4 9. Bc2 Nbd7 10. Re1 b5 11. e4 dxe4 12. Nxe4 Bb7 13. Qd2 Nxe4 14. Bxe4 Bxe4 15. Rxe4 Nf6 16. Re5 Nd5 17. Bxh6 Bf6 18. Rh5 g6 19. Rh3 Re8 20. Re1 Ne7 21. Bg5 Nf5 22. d5 Bxg5 23. Nxg5 Ng7 24. Ne4 f5 25. Nc5 1-0